00865nam a22002411 450000100060000000300080000600500170001400800390003103500190007003500190008904000280010804100080013608200220014410000340016624500990020026000660029930000210036549000610038650000560044750400370050365000260054065000570056620063BD-RjUL20211209000521.0140226r19661940nyu b 001 0 eng a(BD-RjUL)20125 a(OCoLC)4041309 aDLCcMiKCdBD-RjULbeng aeng a833.609bHON 19661 aHornaday, Clifford Leed1879-10aNature in the German novel of the late eighteenth century, 1770-1800 /cClifford Lee Hornaday. aNew York :bColumbia University Press,cc1940 [reprint 1966]. a221 p. ;c23 cm.0 aColumbia University Germanic studies,vNew ser., no. 10. aIssued also as thesis (Ph. D.) Columbia University. aIncludes bibliography and index. 0aNature in literature. 0aGerman fictiony18th centuryxHistory and criticism.